Statistics for South and Central Asia Map Quiz - Biggest Cities

Click here to take the quiz!

General Stats

  • This quiz has been taken 10 times
  • The average score is 13 of 13

Answers on the Map

Answers color-coded by a green-red scale on the quiz's map according to % correct below.
 

Answer Stats

Answer% Correct
Almaty
100%
Bishkek
100%
Colombo
100%
Dhaka
100%
Kabul
100%
Karachi
100%
Kathmandu
100%
Male
100%
Mumbai
100%
Tashkent
100%
Thimphu
100%
Dushanbe
90%
Ashgabat
80%

Score Distribution

Percentile by Number Answered

Percent of People with Each Score

Your Score History

You have not taken this quiz